Psychology At The Heart Of Social Change-Developing A Progressive Vision For Society (Record no. 42850)

MARC details
000 -LEADER
fixed length control field 00364nam a2200121Ia 4500
008 - FIXED-LENGTH DATA ELEMENTS--GENERAL INFORMATION
fixed length control field 241028s9999 xx 000 0 und d
041 ## - LANGUAGE CODE
Language code of text/sound track or separate title eng
082 ## - DEWEY DECIMAL CLASSIFICATION NUMBER
Classification number 303.4 COO
100 ## - MAIN ENTRY--PERSONAL NAME
Personal name Mick Cooper
245 ## - TITLE STATEMENT
Title Psychology At The Heart Of Social Change-Developing A Progressive Vision For Society
260 ## - PUBLICATION, DISTRIBUTION, ETC.
Name of publisher, distributor, etc. Policy Press
Place of publication, distribution, etc. Great Britain
Date of publication, distribution, etc. 2023
300 ## - PHYSICAL DESCRIPTION
Extent 347;. P. 23 cm
Holdings
Withdrawn status Lost status Damaged status Not for loan Home library Current library Shelving location Date acquired Cost, normal purchase price Full call number Barcode Date last seen Cost, replacement price Price effective from Koha item type
        IMTN IMTN Rack 6-B 07/03/2024 1651.91 303.4 COO 33279 10/28/2024 14.99 10/28/2024 Books
Designed & Maintained by: LRC IMT Nagpur Contact: lrc@imtnag.ac.in© 2024. All Rights Reserved.